Entry Personal Name
Number of records used in: 2
001 - CONTROL NUMBER
003 - CONTROL NUMBER IDENTIFIER
005 - DATE AND TIME OF LATEST TRANSACTION
- control field:
20191104132608.0
008 - FIXED-LENGTH DATA ELEMENTS
- fixed length control field:
820226n| acannaabn |a aaa
010 ## - LIBRARY OF CONGRESS CONTROL NUMBER
- LC control number:
n 82009770
- Canceled/invalid LC control number:
n 79083316
035 ## - SYSTEM CONTROL NUMBER
- System control number:
(OCoLC)oca00707067
040 ## - CATALOGING SOURCE
- Original cataloging agency:
DLC
- Transcribing agency:
DLC
- Modifying agency:
DLC-ON
053 #0 - LC CLASSIFICATION NUMBER
- Classification number element--single number or beginning number of span:
PK2098.39.I465
100 1# - HEADING--PERSONAL NAME
- Personal name:
Siṃha, Madhukara,
- Dates associated with a name:
1934-
400 0# - SEE FROM TRACING--PERSONAL NAME
- Personal name:
Madhukara Siṃha,
- Dates associated with a name:
1934-
400 1# - SEE FROM TRACING--PERSONAL NAME
- Personal name:
Singh, Madhukar,
- Dates associated with a name:
1934-
400 0# - SEE FROM TRACING--PERSONAL NAME
- Personal name:
Madhukar Singh,
- Dates associated with a name:
1934-
670 ## - SOURCE DATA FOUND
- Source citation:
Singh, V. M. Sāṭha ke bāda kī kahāniyām̐, 1965.